| 000 -ლიდერი |
| ფიქსირებული სიგრძის საკონტროლო ველი |
01524nam a22002657a 4500 |
| 003 - საკონტროლო ნომრის იდენტიფიკატორი |
| საკონტროლო ველი |
Ge_BSU |
| 005 - ბოლო ოპერაციის თარიღი და დრო |
| საკონტროლო ველი |
20230224123212.0 |
| 008 - ფიქსირებული სიგრძის მონაცემთა ელემენტები - ზოგადი ინფორმაცია |
| ფიქსირებული სიგრძის საკონტროლო ველი |
230224s2010 ge ||||| |||| 00| 0 geo d |
| 020 ## - წიგნის საერთაშორისო სტანდარტული ნომერი |
| International Standard Book Number |
9789941913181 |
| 041 ## - ენის კოდი |
| Language code of text/sound track or separate title |
geo |
| 080 ## - უნივერსალური ათობითი კლასიფიკაციის ინდექსი |
| Universal Decimal Classification number |
341.231.14 : 342.4 ა-26 |
| 245 ## - ცნობა სათაურის შესახებ |
| Title |
ადამიანის უფლებათა დაცვის კონსტიტუციური და საერთაშორისო მექანიზმები : |
| Remainder of title |
სტატ. კრებული / |
| Statement of responsibility, etc |
კონსტანტინე კორკელია (რედ.). |
| 264 ## - წარმოების, გამოცემის, დისტრიბუციის და სხვა ცნობები |
| გამოცემის, წარმოების, დისტრიბუციის... ადგილი |
თბილისი |
| გამოცემის, წარმოების, დისტრიბუციის... სახელწოდება |
[gtz], |
| გამოცემის, წარმოების, დისტრიბუციის... თარიღი |
2010. |
| 300 ## - ფიზიკური აღწერა |
| Extent |
256გვ. ; |
| Other physical details |
24სმ. |
| 504 ## - BIBLIOGRAPHY, ETC. NOTE |
| Bibliography, etc |
ბიბლიოგრ. ტექსტ. შენიშვნ. |
| 653 ## - INDEX TERM--UNCONTROLLED |
| Uncontrolled term |
ადამიანის ძირითადი უფლებები |
| 700 ## - ADDED ENTRY--PERSONAL NAME |
| Personal name |
ანთელავა, თეიმურაზ |
| Relator term |
ავტორი |
| 9 (RLIN) |
5274 |
| 700 ## - ADDED ENTRY--PERSONAL NAME |
| Personal name |
გივიაშვილი, ირაკლი |
| Relator term |
ავტორი |
| 9 (RLIN) |
17032 |
| 700 ## - ADDED ENTRY--PERSONAL NAME |
| Personal name |
თომაძე, დავით |
| Relator term |
ავტორი |
| 9 (RLIN) |
17033 |
| 700 ## - ADDED ENTRY--PERSONAL NAME |
| Personal name |
კალანდარიშვილი, ნათია |
| Relator term |
ავტორი |
| 9 (RLIN) |
17034 |
| 700 ## - ADDED ENTRY--PERSONAL NAME |
| Personal name |
კუპრაძე, სოფიო |
| Relator term |
ავტორი |
| 9 (RLIN) |
17035 |
| 700 ## - ADDED ENTRY--PERSONAL NAME |
| Personal name |
ლოლაძე, ბესიკ და სხვ. |
| Relator term |
ავტორი |
| 9 (RLIN) |
17036 |
| 700 ## - ADDED ENTRY--PERSONAL NAME |
| Personal name |
კორკელია, კონსტანტინე |
| Relator term |
რედაქტორი |
| 9 (RLIN) |
539 |
| 942 ## - ADDED ENTRY ELEMENTS (KOHA) |
| Source of classification or shelving scheme |
|
| Koha item type |
წიგნი |